| 000 | 00855nam a2200229 a 4500 | ||
|---|---|---|---|
| 001 | 74096 | ||
| 003 | BD-RjUL | ||
| 005 | 20230223114345.0 | ||
| 008 | 170223s2017 bg ||||| |||| 001 0 ben d | ||
| 020 | _a9789843426833 | ||
| 035 | _a(BD-RjUL)74096 | ||
| 040 |
_aBD-RjUL _beng _cBD-RjUL |
||
| 041 | _aben | ||
| 082 |
_223 _a294.5 _bSRI 2017 |
||
| 245 |
_aশ্রীবন্ধুঅমিয়কথা / _cসংকলক মনোজবিকাশ দেবরায় |
||
| 260 |
_aসিলেট : _bশ্রীশ্রীপ্রভু জগদ্বন্ধুসুন্দর ধাম , _c২০১৭ |
||
| 300 |
_a২০২ পৃ. ; _c২২ সেমি. |
||
| 650 |
_aহিন্দু ধর্ম _94979 |
||
| 650 |
_aHinduism _93241 |
||
| 700 |
_aদেবরায়, মনোজবিকাশ _97037 |
||
| 942 |
_2ddc _cBK |
||
| 999 |
_c74096 _d74096 |
||